000 01254nam a2200337 c 4500
003 BLK
005 20180421000529.0
008 180411b bul|||||r ||||||| ||bul||
010 _aKNG00197772000
040 _aBLK
041 _aBUL
_cBUL
080 _aЕксплоатация на водния транспорт
_b656.6
_x(02)
_z656.6(02)
100 1 _aЧерниев, Леонид Ф.
_eпърви автор
_9141499
700 1 _aМирчев, Боби
_eпрев. от рус. с предг.
_9344648
139 _aЧерниев, Леонид Ф.
_bЧ 71
245 1 0 _aАзбука на корабоводенето
_bРъководство
_cЛеонид Ф. Черниев; прев. от рус. с предг. Боби Мирчев.
257 _aRUS
260 София
_bТехника
_c1986
300 _a255 с.
_bс ил., табл.
_c17 см
380 _a62
500 _a4 617 тир.
650 4 _aКорабоводене
_9159410
650 4 _aРъководство
_9170074
653 _aкорабоводене
653 _aръководства
852 _aЦб І 23044
856 4 _qpdf
_u
856 4 _qpdf
_u
942 _cKNG
_n0
944 _aCR
_c09.12.2016
_kСтанимира_Цанева
944 _aED
_c09.12.2016
_kСтанимира_Цанева
999 _c188753
_d188753